• 首页
  • 本馆介绍
  • 公告通知
  • 最新文献
  • 馆藏检索
  • 电子资源
  • 读者导购
  • 参考咨询
  • 我的图书馆
  • 登录
  • 详细信息显示
  • 放入我的书架
  • 预约/预借图书
  • 作者相关作品
  • 分类相关作品
  • 丛书相关作品
  • 出版社相关作品

书目信息

  • 表格格式
  • 工作单格式
  • 卡片格式
题名:
猜灯谜谈体育
    
 
作者: 江更生 编著
分册:  
出版信息: 北京   中国国际广播出版社  1991.6
页数: 108页
开本: 19cm
丛书名: 猜灯谜长知识丛书
单 册:
中图分类: I277.8 , G8
科图分类: 44.799
主题词: 灯谜--中国--汇编 , 体育--通俗读物
电子资源:
ISBN: 7-80035-951-4
000 00955oam2 2200301 450
001 0191022372
005 20100712224516.0
010    @a7-80035-951-4@dCNY2.00
011    @a7-80035-951-4
100    @a19911029d1991 am y0chiy0110 ea
101 0  @achi
102    @aCN@b110000
105    @ay z 000zy
106    @ar
200 1  @a猜灯谜谈体育@9Cai Deng Mi;Mei Tan Ti Yu;Yo @f江更生编著
210    @a北京@c中国国际广播出版社@d1991.6
215    @a108页@d19cm
225 2  @a猜灯谜长知识丛书@f赵 濂,江更生主编
330    @a本书荟萃了谜味盎然、谐趣四溢的体育灯谜300余条,并以生动有趣的文字对有关的体育知识,诸如:项目的起源、体坛掌故、趣闻、名人轶事、规则术语等进行简述。
461  0 @12001 @a猜灯谜长知识丛书
606 0  @a灯谜@y中国@x汇编
606 0  @a体育@x通俗读物
690    @aI277.8
690    @aG8
692    @a44.799
701  0 @a江更生@9jiang geng sheng@4编著
801  0 @aCN@b91MARC@c20130904
905    @aBZT@dI277.8@e70@f2@sI277.8/70
    
    猜灯谜谈体育/江更生编著.-北京:中国国际广播出版社,1991.6
    108页;19cm.-(猜灯谜长知识丛书/赵 濂,江更生主编)
    
    
    ISBN 7-80035-951-4:CNY2.00
    本书荟萃了谜味盎然、谐趣四溢的体育灯谜300余条,并以生动有趣的文字对有关的体育知识,诸如:项目的起源、体坛掌故、趣闻、名人轶事、规则术语等进行简述。
●
相关链接 在五车中查询图书 在当当中查询图书 在豆瓣中查询图书


正题名:猜灯谜谈体育     索取号:I277.8/70         预约/预借

序号 登录号 条形码 馆藏地/架位号 状态 备注
1 2000045969   2000045969   旧书回溯/ [索取号:I277.8/70] 在馆    
2 2000145769   2000145769   旧书回溯/ [索取号:I277.8/70] 在馆    
山东省滨州职业学院图书馆 欢迎您!
大连网信软件有限公司© 版权所有